000 00408nam a2200145Ia 4500
008 211109s9999||||xx |||||||||||||| ||und||
082 _a894.8124
_bSUG-P
100 _aSugatha Kumari,
245 0 _aPavam Manava Hridayam
260 _bNational Book Stall
_aKottayam
_c1976
300 _a82p.
630 _xGENERAL STACK
650 _aMalayalam Literature
_vMalayalam Essays
_xEssaysLiterature
942 _cBOOK
999 _c66214
_d66214